Jericho | Sleep Token Lyrics - Statistics

General Stats
  • This quiz has been taken 3 times
  • The average score is 184 of 190
Answer Stats
Answer % Correct
again
100%
ancient
100%
are
100%
bed
100%
beneath
100%
dead
100%
dine
100%
down
100%
encounters
100%
encounters)
100%
Enough
100%
flesh
100%
Fold,
100%
graves
100%
hands
100%
I
100%
I,
100%
I-
100%
in
100%
lay
100%
leave
100%
like
100%
make
100%
my
100%
My
100%
name
100%
new
100%
not
100%
old
100%
on
100%
precious
100%
salt
100%
Say
100%
secrets
100%
Sink,
100%
stones
100%
Swallow,
100%
sweat
100%
switch
100%
take
100%
taste
100%
the
100%
this
100%
to
100%
Tread,
100%
Until
100%
wake
100%
water
100%
way
100%
worthy
100%
years
100%
You
100%
you
100%
your
100%
something
50%
('til
50%
'Til
50%
'til
50%
There's
0%
No matching quizzes found
Score Distribution
Percent of People with Each Score
Percentile by Number Answered
Your Score History
You have not taken this quiz